Повести и рассказы

書誌詳細
第一著者: Тютюнник Г. М. Григорий Михайлович
その他の著者: Дангулова Н. (переводчик)
言語:ロシア語
出版事項: Москва, Советский писатель, 1989
主題:
フォーマット: MixedMaterials 図書
KOHA link:https://koha.lib.tpu.ru/cgi-bin/koha/opac-detail.pl?biblionumber=151079

MARC

LEADER 00000nam0a2200000 4500
001 151079
005 20231031150356.0
010 |a 5265008675 
020 |a RU  |b 90-3134 
035 |a (RuTPU)RU\TPU\book\163813 
090 |a 151079 
100 |a 20090119d1989 m a0rusy5003 ca 
101 1 |a rus  |c ukr 
102 |a RU 
105 |a c z 000ay 
200 1 |a Повести и рассказы  |f Г. М. Тютюнник  |g авториз. пер. с укр. Н. Дангулова 
210 |a Москва  |c Советский писатель  |d 1989 
215 |a 715,[1] с.  |d 21 см 
610 1 |a украинская литература 
610 1 |a повести 
610 1 |a рассказы 
675 |a 888  |z rus 
700 1 |a Тютюнник  |b Г. М.  |g Григорий Михайлович  |4 070 
702 1 |a Дангулова  |b Н.  |4 730 
801 0 |a RU  |b RuMRKP  |c 19950417  |g psbo 
801 1 |a RU  |b 63413507  |c 20090119  |g PSBO 
801 2 |a RU  |b 63413507  |c 20090119  |g PSBO 
942 |c BK